Statistiques concernant Nom des groupes de musique anglais... en français!

Cliquez ici pour prendre le quiz!

Statistiques générales

  • Ce quiz a été pris 4 825 fois
  • Le résultat moyen est 12 sur 15

Statistiques - réponses

Nom françaisNom original% Correct
ReineQueen
99%
Jour VertGreen Day
97%
Les PortesThe Doors
95%
Les QuiThe Who
94%
AiglesEagles
93%
Floyd RosePink Floyd
93%
Les Pierres qui roulentThe Rolling Stones
90%
Les Garçons de la plageThe Beach Boys
89%
Pistolet et RosesGuns N'Roses
86%
Terre, Vent et FeuEarth, Wind & Fire
84%
Piments RougesRed Hot Chili Peppers
76%
Violet profondDeep Purple
75%
Vœu de nuitNightwish
61%
Vierge de FerIron Maiden
48%
Situation désastreuseDire Straits
12%

Distribution des résultats

Percentile par nombre de réponses

% des personnes avec chaque résultat

Votre développement - résultats

Vous n’avez pas pris ce quiz